000 00412nam a22001577a 4500
005 20251231121325.0
008 251231b |||||||| |||| 00| 0 eng d
020 _a9780194790697
_qpbk
041 _aeng
082 _a823.0083
_bCHR
100 _aChristopher, John
245 _aReturn to Earth
_cby John Christopher
260 _aNew York
_bOxford University Press
_c1954
300 _a56p.
942 _cENGLISH
999 _c606150
_d606150